| 000 | 00521nam a22001457a 4500 | ||
|---|---|---|---|
| 999 |
_c12795 _d12795 |
||
| 008 | 250606b 2023 ||||| |||| 00| 0 eng d | ||
| 020 | _a9789280117516 | ||
| 082 |
_a343.096 _bIMO |
||
| 110 | _aIMO - International Maritime Organization | ||
| 245 | _aAFS convention : International convention on the control of harmful anti-fouling systems on ships, 2001 with guidelines for implementation | ||
| 250 | _a3rd | ||
| 260 |
_aLondon _bIMO - International Maritime Organization _c2023 |
||
| 300 | _avi, 127p. | ||
| 942 | _cBK | ||